000 00788pam a22002652 4500
001 26468
003 BD-RjUL
005 20211209051025.0
008 140322s1980 njuaf b 001 0 eng
020 _a0691031185
035 _a(BD-RjUL)26538
040 _aDLC
_cDLC
_dBD-RjUL
_beng
041 _aeng
082 0 0 _a955.053
_bSAR 1980
100 1 _aSaikal, Amin,
_d1950-
_981385
245 1 4 _aThe rise and fall of the Shah /
_cAmin Saikal.
260 _aPrinceton, N.J. :
_bPrinceton University Press,
_cc1980.
300 _axiv, 279 p., [4] leaves of plates :
_bill. ;
_c25 cm.
504 _aBibliography: p. [247]-268.
504 _aIncludes index.
651 0 _aIran
_xPolitics and government
_y1941-1979.
_912208
942 _2ddc
_cBK
999 _c26468
_d26468